Prevaha detí planetárium si pripomenulo svoju dvadsiatku

Bibliographic Details
Main Author: Országh, Milan (Author)
Format: Article
Language:Slovak
PhysicalDescription:Fotogr.
ISSN:1336-4030
Subjects:

MARC

LEADER 00000nab a2200000 a 4500
001 vtls001488588
003 SK-MaSNL
005 20260303192026.0
008 050114c20041005xo r n 000 00slo
015 |a SNBRB2004/10SVKPO 
040 |a SVKPOCL  |c slo  |e AACR2 
041 0 |a slo 
044 |a xo  |c SK 
052 7 |a 707 
080 |a 520.98(437.676)  |2 UDC-MRF-SK3 
080 |a 523.49  |2 UDC-MRF-SK3 
100 1 |a Országh, Milan  |4 aut  |9 371464 
245 1 0 |a Prevaha detí  |b planetárium si pripomenulo svoju dvadsiatku  |c Milan Országh 
300 |b Fotogr. 
610 2 7 |a Hvezdáreň a planetárium v Prešove  |2 svkpocl  |9 57052 
651 7 |a Prešov (asteroid)  |2 svkpocl  |9 1222067 
773 0 |t Prešovský večerník  |g Roč. XV, č. 3564 (5.10.2004), s. 5  |x 1336-4030 
992 |a RBX 
999 |c 2144095  |d 2146025